Devinez la Capitale Mystère #145 - Statistiques

Statistiques générales
  • Ce quiz a été pris 77 fois
  • Le résultat moyen est 29 sur 34
Statistiques - réponses
Type de Réponse Réponse % Correct
Lettre Bien Placée A
100%
Lettre Trouvée A
100%
Lettre Trouvée O
100%
Lettre Trouvée E
98%
Lettre de l'Alphabet N
98%
Lettre de l'Alphabet R
98%
Lettre Trouvée S
98%
Lettre de l'Alphabet I
97%
Lettre de l'Alphabet P
97%
Lettre de l'Alphabet D
95%
Lettre de l'Alphabet L
95%
Lettre Trouvée M
94%
Lettre de l'Alphabet B
91%
Lettre de l'Alphabet C
91%
Lettre de l'Alphabet G
91%
Lettre Bien Placée O
91%
Lettre Bien Placée S
88%
Lettre de l'Alphabet H
86%
Lettre Trouvée T
86%
Lettre de l'Alphabet U
86%
Lettre de l'Alphabet K
83%
Lettre de l'Alphabet V
83%
Lettre Bien Placée E
78%
Lettre de l'Alphabet J
78%
Lettre Bien Placée T
77%
Lettre Bien Placée O
75%
Lettre de l'Alphabet Z
75%
Lettre de l'Alphabet W
74%
Lettre de l'Alphabet Y
74%
Lettre de l'Alphabet F
72%
Lettre Bien Placée M
72%
Lettre de l'Alphabet X
72%
Lettre de l'Alphabet Q
69%
Capitale Mystère Sao Tomé
69%
Aucun quiz correspondant
Distribution des résultats
% des personnes avec chaque résultat
Percentile par nombre de réponses
Votre historique - résultats
Vous n’avez pas pris ce quiz